[Event "San Martin"]
[Site "San Martin"]
[Date "1995.??.??"]
[Round "1"]
[White "Scarella, Enrique"]
[Black "Spangenberg, Hugo"]
[Result "0-1"]
[WhiteElo "2380"]
[BlackElo "2500"]

1.Nf3 Nf6 2.c4 c5 3.Nc3 b6 4.g3 Bb7 5.Bg2 g6 6.O-O Bg7 7.d4 cxd4 8.Qxd4 d6
9.Rd1 Nbd7 10.Be3 Rc8 11.Rac1 O-O 12.Qh4 Bxf3 13.exf3 a6 14.b3 Re8 15.f4 Nc5
16.b4 Ncd7 17.Nd5 e6 18.Nxf6+ Bxf6 19.Qg4 Qc7 20.Qf3 a5 21.bxa5 bxa5 22.Qb7 Qxb7
23.Bxb7 Rc7 24.Ba6 Be7 25.Bb5 Rec8 26.Rb1 Nc5 27.Kg2 Kf8 28.Kf3 Rd8 29.Bd2 Ra8
30.Bc3 f5 31.Be1 Kf7 32.Rbc1 Bf8 33.Bc3 Ne4 34.Bb2 Bg7 35.Ba3 Ke7 36.Rd3 Rd8
37.Kg2 Kf7 38.f3 Nc5 39.Rd2 Bf8 40.Re1 Bg7 41.Red1 Ke7 42.Re2 Bc3 43.Rc2 Bb4
44.Bb2 Nd7 45.Re2 Kf7 46.Bd4 Rb8 47.Rb1 Rbc8 48.Rd1 Nb8 49.a4 Nd7 50.Rd3 Nc5
51.Bxc5 Bxc5 52.Red2 Ke7 53.Rd1 h6 54.h4 Rg8 55.Rh1 Rcc8 56.Rd2 Rg7 57.Re2 Bb4
58.Rd1 Kf6 59.Re3 Rcg8 60.Red3 g5 61.hxg5+ hxg5 62.fxg5+ Rxg5 63.f4 Rg4 64.Rf1 R8g7
65.Bc6 e5 66.fxe5+ dxe5 67.Bd7 Rxg3+ 68.Rxg3 Rxd7 69.Rh3 Rg7+ 70.Rg3 Rc7
71.Rh3 Rxc4 72.Rh5 f4 73.Kf3 Rc3+ 74.Ke4 Re3+ 75.Kd5 Rd3+ 76.Ke4 Rd4+ 77.Kf3 Ke6
78.Kg4 Bd2 79.Rd1 Kd5 80.Kf3 Be3 81.Rxd4+ Kxd4 82.Ke2 Ke4 83.Rh3 Bd4 84.Rb3 Be3
85.Rb5 f3+ 86.Kd1 Bd4 87.Kd2 Kf4 88.Rxa5 e4 89.Ra8 e3+ 90.Kd3 e2 91.Re8 Be5
92.Kd2 Bc3+ 93.Kxc3 f2 94.Rxe2 f1=Q 95.Rc2 Ke4 96.Kb2 Kd3 97.Rc3+ Kd4 98.Rc1 Qe2+
99.Rc2 Qd1 100.Rf2 Kc4 101.Rf4+ Kc5 102.Rf5+ Kb4 103.Rf4+ Ka5 104.Rc4 Qd3
105.Rc3 Qd4 106.Kb3 Qxa4+ 107.Kb2 Qd4 108.Kb3 Kb5 109.Rc2 Qd3+ 110.Kb2 Kb4
111.Kc1 Qe4 112.Kb2 Qe5+ 113.Ka2 Qd5+ 114.Kb2 Qd1 115.Rc1 Qb3+ 116.Ka1 Ka3
117.Rc2 Qd5 118.Rc3+ Kb4 119.Rc2 Kb3 120.Rb2+ Ka3  0-1

[Event "San Sebastian op"]
[Site "San Sebastian"]
[Date "1995.??.??"]
[Round "8"]
[White "Lauridsen, Jesper Morck"]
[Black "Culma, Ruben"]
[Result "1-0"]
[WhiteElo "2200"]
[BlackElo "2070"]

1.c4 Nf6 2.Nf3 g6 3.Nc3 c5 4.g3 Nc6 5.Bg2 Bg7 6.O-O O-O 7.d4 cxd4 8.Nxd4 Nxd4
9.Qxd4 d6 10.Qd3 Rb8 11.Rd1 Be6 12.Be3 b6 13.Nb5 Nd7 14.Bd4 Nc5 15.Qa3 f6
16.Nxa7 Qe8 17.b4 Nd7 18.Nc6 Rc8 19.Qe3 Qf7 20.Bd5 Ne5 21.Nxe5 fxe5 22.Bxb6 Rxc4
23.Bxc4 Bxc4 24.a4 d5 25.Rf1 d4 26.Qd2 g5 27.Rac1 g4 28.Bc5 Bd5 29.Qg5 Qe6
30.Qxe7 Qf5 31.f3 Bh6 32.Qd6 Be3+ 33.Kh1 Bb7 34.Qxf8+ Qxf8 35.Bxf8 gxf3 36.exf3 Bxf3+
37.Rxf3 Bxc1 38.Bd6 e4 39.Bf4 e3 40.Bh6  1-0

[Event "Santa Cruz de la Palma op"]
[Site "Santa Cruz"]
[Date "1995.??.??"]
[Round "?"]
[White "Damljanovic, Branko"]
[Black "Nedobora, Mikhail"]
[Result "0-1"]
[WhiteElo "2575"]
[BlackElo "2480"]

1.Nf3 c5 2.c4 Nf6 3.Nc3 b6 4.e4 d6 5.d4 cxd4 6.Nxd4 Bb7 7.Qe2 e6 8.g3 Nc6
9.Nxc6 Bxc6 10.Bg2 Be7 11.O-O Nd7 12.Rd1 Qb8 13.b3 a6 14.Ba3 Nc5 15.Rac1 O-O
16.Nd5 Bg5 17.f4 exd5 18.exd5 Bxf4 19.gxf4 Re8 20.Qh5 Bd7 21.Bb2 Qd8 22.f5 f6
23.b4 Na4 24.Bd4 Qe7 25.Bf3 Rac8 26.Kh1 Qf7 27.Qg4 Rc7 28.Rg1 Rec8 29.Be2 b5
30.Qf4 bxc4 31.Bf3 c3 32.Qxd6 Bxf5 33.Qf4  0-1

[Event "Schwaebisch Gmuend op"]
[Site "Schwaebisch Gmuend"]
[Date "1995.??.??"]
[Round "?"]
[White "Blum, Gernot"]
[Black "Zeller, Frank"]
[Result "0-1"]
[WhiteElo "2195"]
[BlackElo "2350"]

1.c4 Nf6 2.Nf3 c5 3.Nc3 b6 4.g3 Bb7 5.Bg2 e6 6.O-O Be7 7.e3 O-O 8.d4 cxd4
9.exd4 Qc8 10.Qe2 d5 11.b3 Nc6 12.Rd1 dxc4 13.Qxc4 Ba6 14.Nb5 Na5 15.Qd3 Bb7
16.Bf4 Be4 17.Qe3 Qb7 18.Nd6 Bxd6 19.Bxd6 Rfc8 20.Re1 Bd5 21.Rac1 h6 22.h3 Rxc1
23.Rxc1 Rc8 24.Rxc8+ Qxc8 25.Bb4 Nc6 26.Bd2 Ne7 27.g4 Qc2 28.g5 hxg5 29.Nxg5 Bxg2
30.Kxg2 Qf5 31.Qg3 Nc6 32.Qc7 Qd5+ 33.f3 Qd7 34.Qxd7 Nxd7 35.Bc3 Nf6 36.Kf2 Nd5
37.Ba1 Ndb4 38.a3 Nc2 39.Bb2 N2xd4 40.b4 b5 41.Ke3 Nf5+ 42.Kd3 Nd6 43.f4 Nc4
44.Bc1 Kf8 45.Nf3 Ke7 46.Nd4 Nxd4 47.Kxd4 Kd6 48.a4 Kc6 49.a5 a6 50.Ke4 Kd6
51.f5 e5 52.h4 f6 53.h5 Kc6 54.h6 Nd6+ 55.Kd3 gxh6 56.Bxh6 Nxf5  0-1

[Event "Schwaebisch Gmuend op"]
[Site "Schwaebisch Gmuend"]
[Date "1995.??.??"]
[Round "?"]
[White "Panzalovic, Srdjan"]
[Black "Link, Michael"]
[Result "1-0"]
[WhiteElo "2405"]
[BlackElo "2295"]

1.Nf3 c5 2.c4 Nf6 3.Nc3 b6 4.e4 d6 5.d4 cxd4 6.Nxd4 Bb7 7.Bd3 e6 8.O-O Be7
9.Re1 O-O 10.b3 Nbd7 11.Bb2 a6 12.Qe2 Re8 13.Rad1 Bf8 14.Bb1 Qc7 15.Nf3 Rad8
16.h3 Qb8 17.Nh2 Bc6 18.a4 Qa8 19.Ng4 Bb7 20.Nxf6+ Nxf6 21.Qe3 Bc6 22.Qd3 Be7
23.Nd5 Bxd5 24.exd5 e5 25.f4 e4 26.Rxe4 Nxe4 27.Qxe4 g6 28.Qd4 f6 29.f5 g5
30.h4 h6 31.hxg5 hxg5 32.Re1 Qa7 33.Re6 Rf8 34.Qe3 Rd7 35.Bd4 Rf7 36.a5 Qb8
37.axb6 Qf8 38.b4 Rh7 39.Bxf6 Bxf6 40.Re8 Rde7 41.Rxf8+ Kxf8 42.Be4 Rh4 43.b7 Rxb7
44.g3 Rhh7 45.Qa3 Rhe7 46.b5 Rxe4 47.Qxd6+ Kg7 48.Qxa6 Ra7 49.Qxa7+  1-0

[Event "Schwaebisch Gmuend op"]
[Site "Schwaebisch Gmuend"]
[Date "1995.??.??"]
[Round "?"]
[White "Adamski, Jan"]
[Black "Drill, Frank"]
[Result "1-0"]
[WhiteElo "2390"]
[BlackElo "2155"]

1.Nf3 Nf6 2.c4 c5 3.Nc3 e6 4.g3 b6 5.Bg2 Bb7 6.O-O Be7 7.d4 cxd4 8.Qxd4 a6
9.Bg5 O-O 10.Rad1 Qc7 11.Bf4 Qd8 12.Bd6 Bxd6 13.Qxd6 Ne8 14.Qd3 Qc7 15.b3 Nf6
16.Qd6 Rc8 17.Na4 Nc6 18.Qxc7 Rxc7 19.Nxb6 Rd8 20.Nd4 Nxd4 21.Rxd4 Bxg2 22.Kxg2 Rc6
23.Na4 d5 24.Rfd1 Rdc8 25.f3 g6 26.Nb2 Kg7 27.Kf2 h5 28.cxd5 Nxd5 29.Nc4 R8c7
30.R1d2 Nb6 31.Ne5 Rc1 32.Rd6 Nd5 33.Rxa6 Rh1 34.Nc4 h4 35.Kg2 Re1 36.e4 Nf6
37.Ra8 Rc5 38.Ra7 h3+ 39.Kf2 Rh1 40.Ke3 Rg1 41.Kd4  1-0

[Event "Siauliai"]
[Site "Siauliai"]
[Date "1995.??.??"]
[Round "8"]
[White "Butnorius, Algimantas"]
[Black "Sarakauskas, Gediminas"]
[Result "1-0"]
[WhiteElo "2425"]
[BlackElo "2175"]

1.Nf3 Nf6 2.c4 e6 3.Nc3 c5 4.g3 Nc6 5.Bg2 Be7 6.O-O O-O 7.d4 d5 8.cxd5 exd5
9.Bg5 c4 10.Ne5 Be6 11.Bxf6 Bxf6 12.f4 Qb6 13.e3 Nxe5 14.dxe5 Qxe3+ 15.Kh1 Bd8
16.Nxd5 Qc5 17.f5 Bd7 18.Qg4 Re8 19.e6 Bc6 20.exf7+ Kxf7 21.Qh5+ Kg8 22.f6 Rf8
23.f7+ Kh8 24.Be4  1-0

[Event "SLO-chT"]
[Site "?"]
[Date "1995.??.??"]
[Round "5"]
[White "Tratar, Marko"]
[Black "Rusjan, Dusan"]
[Result "1-0"]
[WhiteElo "2405"]
[BlackElo "2160"]

1.Nf3 Nf6 2.c4 g6 3.Nc3 c5 4.e3 Bg7 5.d4 cxd4 6.exd4 O-O 7.h3 d5 8.Bg5 dxc4
9.Bxc4 a6 10.a4 Qc7 11.Qe2 e6 12.O-O Nc6 13.Rac1 Bd7 14.Rfe1 Na5 15.Ba2 Qb6
16.Ne5 Bc6 17.Nxf7 Nb3 18.Bxf6 Nxc1 19.Qxe6 Nxa2 20.Nh6+ Kh8 21.Qg8+  1-0

[Event "St Petersburg op"]
[Site "St Petersburg"]
[Date "1995.??.??"]
[Round "2"]
[White "Serper, Grigory"]
[Black "Nepomnishay, Mikhail I"]
[Result "1-0"]
[WhiteElo "2585"]
[BlackElo "2410"]

1.c4 c5 2.Nf3 Nf6 3.Nc3 e6 4.g3 b6 5.Bg2 Bb7 6.O-O Be7 7.d4 cxd4 8.Qxd4 d6
9.Bg5 O-O 10.Rfd1 h6 11.Bxf6 Bxf6 12.Qf4 Bxc3 13.bxc3 Na6 14.Rxd6 Qe7 15.Rad1 Rad8
16.Rxd8 Rxd8 17.Rxd8+ Qxd8 18.Nd4 Bxg2 19.Kxg2 Nc5 20.Nc6 Qd7 21.Qb8+ Kh7
22.Nxa7 Na4 23.h4 h5 24.Nb5 Qc6+ 25.Kg1 f6 26.Qd8 Nc5 27.Nd4 Qa4 28.Qxb6 Qxc4
29.Qb1+ f5 30.Qb4 Qd5 31.Qb5 Qd6 32.Qe8 Kh6 33.Qh8+ Kg6 34.Qe8+ Kh6 35.Qf7 Qd5
36.a4 Kh7 37.Qxh5+ Kg8 38.Qe8+ Kh7 39.h5  1-0

[Event "St Petersburg op"]
[Site "St Petersburg"]
[Date "1995.??.??"]
[Round "3"]
[White "Lukin, Andrei M"]
[Black "Ulibin, Mikhail"]
[Result "0-1"]
[WhiteElo "2420"]
[BlackElo "2540"]

1.Nf3 Nf6 2.c4 c5 3.Nc3 e6 4.g3 b6 5.Bg2 Bb7 6.O-O Be7 7.b3 O-O 8.Bb2 d5
9.e3 Nbd7 10.Qe2 Qc7 11.cxd5 exd5 12.d4 Rfe8 13.Rac1 Rad8 14.Rfd1 Qb8 15.Ne5 Nf8
16.f4 cxd4 17.exd4 Bb4 18.Qd3 Ne6 19.a3 Bxc3 20.Bxc3 Ne4 21.Be1 f6 22.Nc6 Bxc6
23.Rxc6 Qb7 24.Rdc1 N4c5 25.R6xc5 bxc5 26.Ba5 Rc8 27.dxc5 Rxc5 28.Rxc5 Nxc5
29.Bxd5+ Kh8 30.Bxb7 Nxd3 31.Bc3 Nc1 32.Kf2 Nxb3 33.Bd5 Nc5 34.Kf3 Rd8 35.Bc4 Rd1
36.Bb4 Nd7 37.Be6 Nb6 38.h4 g6 39.g4 Kg7 40.g5 Rf1+ 41.Kg3 Rd1 42.Bc5 Rd3+
43.Kf2 Nd5 44.f5 a5 45.Bd6 gxf5 46.Bxf5 Rd4 47.h5 h6 48.gxh6+ Kxh6 49.Bg6 Kg5
50.Kf3 f5 51.Bf7 Nf6 52.Bc5 Rf4+ 53.Ke2 Rh4 54.Bb6 Ra4 55.Be3+ f4 56.Bc1 Rd4
57.Bd2 a4 58.Bb4 Nxh5 59.Bc5 Rd7 60.Be8 Rc7 61.Bd6 Rc4 62.Kd3 f3 63.Bb5 Rc1
64.Ke3 Rc3+ 65.Kf2 Nf6 66.Be7 Kf5 67.Bxf6 Kxf6 68.Bxa4 Ke5 69.Kg3 Ke4  0-1

[Event "St Petersburg op"]
[Site "St Petersburg"]
[Date "1995.??.??"]
[Round "4"]
[White "Ulibin, Mikhail"]
[Black "Shipov, Sergei"]
[Result "1/2-1/2"]
[WhiteElo "2540"]
[BlackElo "2510"]

1.Nf3 Nf6 2.c4 c5 3.Nc3 e6 4.g3 b6 5.Bg2 Bb7 6.O-O Be7 7.d4 cxd4 8.Qxd4 d6
9.Bg5 a6 10.Bxf6 Bxf6 11.Qf4 Ra7 12.Rfd1 Be7 13.Ne4 Bxe4 14.Qxe4 O-O 15.Nd4 Qc8
16.Rac1 Re8 17.Qe3 Rc7 18.b3 Bf8 19.a4  1/2-1/2

[Event "Stockholm"]
[Site "Stockholm"]
[Date "1995.??.??"]
[Round "4"]
[White "Cramling, Dan"]
[Black "Ornstein, Axel"]
[Result "1-0"]
[WhiteElo "2445"]
[BlackElo "2450"]

1.c4 Nf6 2.Nc3 c5 3.Nf3 e6 4.e3 d5 5.cxd5 exd5 6.d4 Nc6 7.Be2 Be7 8.dxc5 Bxc5
9.O-O O-O 10.b3 a6 11.Bb2 Qd6 12.Qc2 Ba7 13.Rad1 Rd8 14.Qb1 Bg4 15.Ng5 Bxe2
16.Nxe2 h6 17.Nf3 Rac8 18.Nf4 Ne7 19.Be5  1-0

[Event "Stockholm"]
[Site "Stockholm"]
[Date "1995.??.??"]
[Round "6"]
[White "Engqvist, Thomas"]
[Black "Ornstein, Axel"]
[Result "1-0"]
[WhiteElo "2405"]
[BlackElo "2450"]

1.Nf3 Nf6 2.c4 c5 3.Nc3 e6 4.d4 cxd4 5.Nxd4 a6 6.e3 b6 7.Be2 Bb7 8.O-O Be7
9.f3 O-O 10.e4 Qc7 11.Be3 d6 12.Rc1 Nbd7 13.Qd2 Rfe8 14.Rfd1 Rac8 15.Bf1 Qb8
16.b3 d5 17.cxd5 Bd6 18.dxe6 Bxh2+ 19.Kh1 fxe6 20.Bc4 Nf8 21.a4 Rcd8 22.Nce2 Qe5
23.Bf4 Bxf4 24.Qxf4 Qh5+ 25.Kg1 Re7 26.Nxe6 Rxd1+ 27.Rxd1 Nxe6 28.Qb8+ Ne8
29.Bxe6+ Rxe6 30.Qxb7 Qc5+ 31.Kf1 Rh6 32.Qd5+ Qxd5 33.Rxd5 Kf8 34.Rd7 Rd6
35.Ra7 b5 36.a5 Nf6 37.e5 Rd1+ 38.Kf2 Nd7 39.Rxa6 Nxe5 40.Rb6 b4 41.f4 Ng4+
42.Kf3 h5 43.a6 Kf7 44.a7 Rd3+ 45.Ke4 Nf2+ 46.Ke5 Ng4+ 47.Kf5 g6+ 48.Kg5 Rd5+
49.Kh4 Ra5 50.Rb7+ Kf6 51.Nd4 Ne3 52.Rb6+ Kg7 53.Nb5 Nf5+ 54.Kg5 Nd6 55.f5  1-0

[Event "SWZ-chT"]
[Site "SWZ"]
[Date "1995.??.??"]
[Round "5"]
[White "Pelletier, Yannick"]
[Black "Goldstern, Flip"]
[Result "1-0"]
[WhiteElo "2460"]
[BlackElo "2395"]

1.Nf3 Nf6 2.c4 c5 3.Nc3 e6 4.g3 b6 5.Bg2 Bb7 6.O-O a6 7.d4 cxd4 8.Qxd4 d6
9.Rd1 Nbd7 10.e4 Qc7 11.b3 Rc8 12.Bb2 Be7 13.Rac1 O-O 14.Ba3 Nc5 15.e5 Bxf3
16.exd6 Bxd6 17.Bxf3 Rfd8 18.Qe3 h5 19.Bb2 h4 20.Kg2 Qb8 21.Ba1 Kf8 22.Ne2 Ncd7
23.Nd4 Ne5 24.Qg5 hxg3 25.hxg3 Rc5 26.Qe3 Rdc8 27.Bc3 Nxf3 28.Qxf3 Be7 29.Rh1 Qa8
30.Rh8+ Ng8 31.Nxe6+  1-0

[Event "SWZ-ch"]
[Site "SWZ"]
[Date "1995.??.??"]
[Round "5"]
[White "Zueger, Beat"]
[Black "Giertz, Niklaus"]
[Result "1-0"]
[WhiteElo "2470"]
[BlackElo "2360"]

1.c4 c5 2.Nf3 Nf6 3.Nc3 d5 4.cxd5 Nxd5 5.d4 cxd4 6.Qxd4 Nxc3 7.Qxc3 Nc6 8.e4 e6
9.Bb5 Bd7 10.O-O Qb6 11.a4 Qc5 12.Qd3 a6 13.Rd1 Qe7 14.Bxc6 Bxc6 15.Ne5 Rc8
16.Bf4 f6 17.Nxc6 Rxc6 18.Rac1 Rxc1 19.Rxc1 e5 20.Rc8+ Kf7 21.Be3 g5 22.Bc5 Qe6
23.Qd5 Qxd5 24.exd5 Rg8 25.d6 Bxd6 26.Rxg8 Bxc5 27.Rc8 Bd6 28.Rd8 Ke6 29.Rh8 Bc5
30.Rxh7 b6 31.b3 g4 32.Kf1 e4 33.Ke2 a5 34.f3 gxf3+ 35.gxf3 Ke5 36.fxe4 Kxe4
37.h4 f5 38.h5 f4 39.Rf7 Be3 40.Re7+ Kd4 41.Rxe3  1-0

[Event "SWZ-chT"]
[Site "SWZ"]
[Date "1995.??.??"]
[Round "7"]
[White "Gavrikov, Viktor"]
[Black "Ballmann, Martin"]
[Result "1-0"]
[WhiteElo "2605"]
[BlackElo "2345"]

1.c4 Nf6 2.Nc3 c5 3.Nf3 b6 4.g3 Bb7 5.Bg2 g6 6.O-O Bg7 7.d4 cxd4 8.Qxd4 d6
9.Be3 Nbd7 10.Rac1 Nc5 11.Rfd1 Ne6 12.Qh4 Qc8 13.Nd5 h6 14.Nd4 Kf8 15.Nb5 Qd7
16.Nbc3 Rd8 17.b3 Kg8 18.Ne4 Nxe4 19.Qxe4 Rb8 20.Qh4 Re8 21.b4 g5 22.Qe4 Nd8
23.Qd3 Nc6 24.Qa3 Kh7 25.b5 Na5 26.c5 Qxb5 27.Nc7 Qxe2 28.Bxb7 Nxb7 29.Nxe8 Rxe8
30.Qa4 Rb8 31.Qxa7  1-0

[Event "SWZ-chT"]
[Site "SWZ"]
[Date "1995.??.??"]
[Round "8"]
[White "Hort, Vlastimil"]
[Black "Gavrikov, Viktor"]
[Result "1/2-1/2"]
[WhiteElo "2560"]
[BlackElo "2605"]

1.c4 Nf6 2.Nc3 c5 3.Nf3 e6 4.e3 Nc6 5.d4 d5 6.a3 a6 7.b3 Be7 8.Bb2 cxd4 9.Nxd4 Nxd4
10.Qxd4 dxc4 11.Qxd8+ Bxd8 12.Bxc4 b5 13.Bd3 Bb7 14.Ke2 O-O 15.f3 Bc7 16.Ne4 Nxe4  1/2-1/2

[Event "AUS-ch"]
[Site "Sydney"]
[Date "1995.??.??"]
[Round "3"]
[White "Tao, Trevor"]
[Black "Gedevanishvili, Dmitry"]
[Result "0-1"]
[WhiteElo "2420"]
[BlackElo "2365"]

1.c4 Nf6 2.Nc3 c5 3.Nf3 e6 4.d4 cxd4 5.Nxd4 d6 6.e4 a6 7.Be2 Be7 8.O-O O-O
9.Be3 b6 10.Qd2 Bb7 11.f3 Nbd7 12.b3 Rc8 13.Rac1 Re8 14.Rfd1 Bf8 15.Bf1 Qc7
16.Bf2 Qb8 17.Nc2 Red8 18.Ne3 Ne5 19.Qe2 h6 20.g3 g6 21.Bg2 Bg7 22.Nf1 Bc6
23.a4 Ba8 24.Ne3 Nc6 25.Nc2 Nd7 26.Nd4 Nb4 27.Na2 Nxa2 28.Qxa2 d5 29.cxd5 Rxc1
30.Rxc1 exd5 31.Nc6 Bxc6 32.Rxc6 dxe4 33.f4 Nf6 34.Qc2 Re8 35.Bd4 Qd8 36.Bxb6 Qd5
37.Rc4 Qd6 38.Bc5 Qd7 39.Qe2 h5 40.Bd4 Ng4 41.Bxg7 Kxg7 42.Rxe4 Qa7+ 43.Kf1 Rd8
44.Ke1 Qc5 45.Qb2+ Kh7 46.Bf1 Ne3 47.b4 Nc2+ 48.Ke2 Qg1 49.Qe5 Qxh2+ 50.Kf3 Rd2
51.Be2 Qg1 52.f5 g5 53.Re3 Rd4 54.Bxa6 g4+  0-1

[Event "AUS-ch"]
[Site "Sydney"]
[Date "1995.??.??"]
[Round "7"]
[White "Wallace, John Paul"]
[Black "Solomon, Stephen J"]
[Result "1/2-1/2"]
[WhiteElo "2345"]
[BlackElo "2400"]

1.Nf3 Nf6 2.c4 c5 3.Nc3 d5 4.cxd5 Nxd5 5.d4 cxd4 6.Qxd4 Nxc3 7.Qxc3 Nc6 8.e4 Bg4
9.Bb5 Rc8 10.O-O a6 11.Ba4 b5 12.Bb3 e6 13.Bg5 Qa5 14.Rac1 Qxc3 15.Rxc3 Bb4
16.Rc2 Bxf3 17.gxf3 Ne7 18.Rxc8+ Nxc8 19.Rd1 Bd6 20.Be3 Ke7 21.f4 Rd8 22.e5 Bb8
23.Rc1 Kd7 24.Bc2 Ne7 25.Be4 Nd5 26.Bxd5 exd5 27.Rc5 Ke6 28.Rc6+ Kf5 29.Rxa6 d4
30.Bd2 Rc8 31.Kf1 Ke4 32.Ke2 d3+ 33.Kd1 g5 34.fxg5 Bxe5 35.Rb6 Bxb2 36.Rxb5 Bc3
37.Bxc3 Rxc3 38.Rb4+ Kf5 39.h4 Rc2 40.a4 Rxf2 41.Rd4 Ra2 42.Rb4 Kg6 43.Rb6+ Kg7
44.Rb4 Kf8 45.Re4 Kg8 46.Rd4 Kg7 47.Rb4 h6 48.gxh6+ Kxh6 49.Rf4 Kg7 50.h5 f6  1/2-1/2

[Event "Szekszard op "]
[Site "Szekszard"]
[Date "1995.??.??"]
[Round "?"]
[White "Kaposztas, Miklos"]
[Black "Lehoczki, Viktor"]
[Result "1-0"]
[WhiteElo "2335"]
[BlackElo "2155"]

1.c4 c5 2.Nf3 Nf6 3.Nc3 g6 4.d4 cxd4 5.Nxd4 b6 6.e4 d6 7.Be2 Bb7 8.f3 Bg7
9.Be3 O-O 10.O-O Qd7 11.Qd2 Rc8 12.Rfd1 Nc6 13.Nc2 Ne5 14.b3 Rd8 15.Rac1 Rac8
16.Qe1 Qc7 17.Qh4 Ned7 18.Nb4 Nc5 19.Bf1 Qb8 20.Ncd5 Rd7 21.Bg5 Bxd5 22.exd5 Qb7
23.Nc6 Re8 24.Re1 Na6 25.b4 Nb8 26.b5 a6 27.a4 Rc7 28.Bxf6 Bxf6 29.Qxf6 Nxc6
30.bxc6 Qc8 31.Qd4  1-0

[Event "JUG-chT"]
[Site "Tivat"]
[Date "1995.??.??"]
[Round "6"]
[White "Pajkovic, Vladimir"]
[Black "Mujagic, Ramo"]
[Result "1-0"]
[WhiteElo "2430"]
[BlackElo "2335"]

1.Nf3 Nf6 2.c4 c5 3.Nc3 e6 4.g3 d5 5.cxd5 exd5 6.d4 Nc6 7.Bg2 Be7 8.O-O O-O
9.Bg5 cxd4 10.Nxd4 h6 11.Be3 Bg4 12.Qb3 Na5 13.Qc2 Qd7 14.Rfd1 Bh3 15.Bxh3 Qxh3
16.Qf5 Ng4 17.Nf3 g6 18.Qd7 Nc6 19.Nxd5 Nce5 20.Qxe7 Nxf3+ 21.exf3 Qxh2+
22.Kf1 Rfe8 23.Qh4 Rxe3 24.Qxh2 Nxh2+ 25.Kg2 Re2 26.Rab1 Rc8 27.Nc3 Rc2 28.Rd3 g5
29.Nd1 Nxf3 30.Kxf3 R8c6 31.g4 Rf6+ 32.Kg3 Kg7 33.Ne3 Rc7 34.Rbd1 Rfc6 35.Rd6 Rxd6
36.Rxd6 f6 37.Rxf6 Kxf6 38.Nd5+ Ke5 39.Nxc7 Ke4 40.Nb5 Kd3 41.Nxa7 Kc2 42.b4 Kb2
43.b5 Kxa2 44.b6  1-0

[Event "JUG-chT"]
[Site "Tivat"]
[Date "1995.??.??"]
[Round "7"]
[White "Vujic Katanic, Branka"]
[Black "Tesic, Dragan"]
[Result "1/2-1/2"]
[WhiteElo "2145"]
[BlackElo "2350"]

1.Nf3 Nf6 2.c4 c5 3.Nc3 b6 4.g3 Bb7 5.Bg2 g6 6.b3 Bg7 7.Bb2 O-O 8.O-O d5
9.Nxd5 Nxd5 10.Bxg7 Kxg7 11.cxd5 Qxd5 12.d4 cxd4 13.Qxd4+ Qxd4 14.Nxd4 Bxg2
15.Kxg2 Nd7 16.Rac1 Rfc8 17.Rfd1 Nf6 18.Nb5 Rxc1 19.Rxc1 Ne8 20.Nc7 Nxc7
21.Rxc7 Kf6 22.Kf3  1/2-1/2

[Event "JUG-chT"]
[Site "Tivat"]
[Date "1995.??.??"]
[Round "10"]
[White "Maksimenko, Andrei"]
[Black "Shneider, Aleksandr"]
[Result "1/2-1/2"]
[WhiteElo "2550"]
[BlackElo "2530"]

1.Nf3 Nf6 2.c4 e6 3.Nc3 c5 4.g3 b6 5.Bg2 Bb7 6.O-O d6 7.d4 cxd4 8.Qxd4 a6
9.Rd1 Be7 10.e4 Nbd7 11.b3 Qc8 12.Qe3 O-O 13.Bb2 Qc7 14.h3 Rfe8  1/2-1/2

[Event "Val Thorens op"]
[Site "Val Thorens"]
[Date "1995.??.??"]
[Round "?"]
[White "Ivanov, Jordan"]
[Black "Bauer, Christian"]
[Result "1/2-1/2"]
[WhiteElo "2355"]
[BlackElo "2420"]

1.Nf3 c5 2.c4 Nf6 3.Nc3 d5 4.cxd5 Nxd5 5.d4 Nxc3 6.bxc3 e6 7.e3 Be7 8.Bd3 Nc6
9.O-O O-O 10.Qe2 b6 11.Bb2 Bb7 12.Rfd1 cxd4 13.exd4 Rc8 14.Rac1  1/2-1/2

[Event "Viernheim"]
[Site "Viernheim"]
[Date "1995.??.??"]
[Round "9"]
[White "Bezold, Michael"]
[Black "Smejkal, Jan"]
[Result "1/2-1/2"]
[WhiteElo "2490"]
[BlackElo "2520"]

1.Nf3 Nf6 2.c4 g6 3.Nc3 c5 4.d4 cxd4 5.Nxd4 Nc6 6.Nc2 Bg7 7.e4 d6 8.Be2 O-O
9.O-O Nd7 10.Be3 Nc5 11.f3  1/2-1/2

[Event "Vila de Salou"]
[Site "Vila de Salou"]
[Date "1995.??.??"]
[Round "9"]
[White "Sorroche Martin, Jose Maria"]
[Black "Vidarte Morales, Arturo"]
[Result "0-1"]
[WhiteElo "2390"]
[BlackElo "2360"]

1.c4 Nf6 2.Nc3 c5 3.Nf3 e6 4.e4 Nc6 5.d3 Be7 6.h3 d6 7.Bf4 O-O 8.g4 Nd7 9.Bg2 Nde5
10.O-O b6 11.Qd2 Bb7 12.Ne1 Ng6 13.Bg3 e5 14.Nd5 Bg5 15.Ne3 Nd4 16.Qd1 Nf4
17.Kh2 g6 18.Nf3 Nxf3+ 19.Bxf3 Kh8 20.Ng2 Ne6 21.h4 Be7 22.g5 f6 23.Bg4 Nd4
24.gxf6 Bxf6 25.f4 exf4 26.Rxf4 Qe7 27.Qd2 Be5 28.Rff1 Kg7 29.Qg5 Bf6 30.Qf4 h5
31.Qxd6 Qxd6 32.Bxd6 hxg4 33.e5 Nf3+ 34.Rxf3 gxf3 35.Nf4 Be7 36.Ne6+ Kf7
37.Nxf8 Rxf8 38.Kg3 Bxd6 39.exd6 Rd8 40.d4 cxd4 41.b4 Rxd6 42.c5 bxc5 43.bxc5 Rd7
44.Rh1 Ke6 45.Rc1 Bc6  0-1

[Event "CUB-ch sf"]
[Site "Villa Clara"]
[Date "1995.??.??"]
[Round "8"]
[White "Diaz, Augusto"]
[Black "Charon, Manuel"]
[Result "1-0"]
[WhiteElo "2330"]
[BlackElo "2215"]

1.Nf3 Nf6 2.c4 c5 3.Nc3 b6 4.g3 Bb7 5.Bg2 g6 6.O-O Bg7 7.d3 O-O 8.e4 d6 9.Nh4 Nc6
10.f4 Nd7 11.Be3 e6 12.Qd2 Nd4 13.Rae1 a6 14.Kh1 Bc6 15.Ne2 b5 16.b3 Rb8
17.h3 a5 18.Nf3 Nxe2 19.Rxe2 d5 20.exd5 exd5 21.Ng1 Ba8 22.cxd5 Rc8 23.Rc1 Re8
24.Bf2 Rxe2 25.Nxe2 Nf6 26.Rxc5 Rxc5 27.Bxc5 Nxd5 28.Kh2 h5 29.Bf2 b4 30.Nd4 h4
31.gxh4 Bh6 32.Bg3 Nf6 33.Nf3 Bd5 34.Ne5 Nh5 35.Qe3 Bxg2 36.Kxg2 a4 37.Qe4 axb3
38.axb3 Nf6 39.Qb7 Bf8 40.Qxf7+  1-0

[Event "LTU-ch"]
[Site "Vilnius"]
[Date "1995.??.??"]
[Round "3"]
[White "Piesina, Gintautas"]
[Black "Bilinskas, Rajmundas"]
[Result "1-0"]
[WhiteElo "2400"]
[BlackElo "2245"]

1.c4 c5 2.Nf3 Nf6 3.Nc3 d5 4.cxd5 Nxd5 5.g3 g6 6.Bg2 Bg7 7.O-O O-O 8.Nxd5 Qxd5
9.d4 cxd4 10.Be3 Qb5 11.Nxd4 Qxb2 12.Bd5 Qa3 13.Rb1 e6 14.Nb5 Qe7 15.Bg2 Rd8
16.Qc1 Na6 17.Nxa7 e5 18.Nxc8 Raxc8 19.Rxb7 Rxc1 20.Rxe7 Rc2 21.Rb1 Bf8 22.Ra7 Rxa2
23.Bg5 Rd6 24.h4 Rxe2 25.Bf1 Ra2 26.Bc4 Ra3 27.Bxf7+ Kh8 28.Ra8 Rf3 29.Rxf8+ Kg7
30.Be7 Rd7 31.Bc4 Rxf8 32.Bxf8+ Kxf8 33.Bxa6  1-0

[Event "LTU-ch"]
[Site "Vilnius"]
[Date "1995.??.??"]
[Round "5"]
[White "Martinkus, Rolandas"]
[Black "Bilinskas, Rajmundas"]
[Result "0-1"]
[WhiteElo "2265"]
[BlackElo "2245"]

1.c4 c5 2.Nf3 Nf6 3.Nc3 d5 4.cxd5 Nxd5 5.e3 Nxc3 6.bxc3 g6 7.Qa4+ Nd7 8.h4 h5
9.Bc4 Bg7 10.Bxf7+ Kxf7 11.Ng5+ Ke8 12.Rb1 Qc7 13.d4 cxd4 14.cxd4 Bf6 15.Ne6 Qd6
16.Nf4 Qc6 17.Qb3 Nb6 18.Nxg6 Qxg2 19.Nxh8 Qxh1+ 20.Kd2 Qd5  0-1

[Event "Vladivostok Zaitsev"]
[Site "Vladivostok"]
[Date "1995.??.??"]
[Round "4"]
[White "Filippov, Valerij"]
[Black "Fominyh, Alexander"]
[Result "1-0"]
[WhiteElo "2510"]
[BlackElo "2515"]

1.c4 Nf6 2.Nf3 c5 3.Nc3 e6 4.g3 b6 5.Bg2 Bb7 6.O-O Be7 7.Re1 d5 8.cxd5 exd5
9.d4 O-O 10.dxc5 bxc5 11.Qb3 Qb6 12.Ne5 Rd8 13.Bg5 Qxb3 14.axb3 Nbd7 15.Nd3 h6
16.Bxf6 Nxf6 17.Ra5 Ne4 18.Bxe4 dxe4 19.Nxc5 Bxc5 20.Rxc5 Rd2 21.Rc7 Ba6
22.Nxe4 Rxb2 23.Nd6 Bxe2 24.Nxf7 a5 25.Nd6 Rd8 26.Nf5 Rd1 27.Rxd1 Bxd1 28.Rxg7+ Kf8
29.g4 Bc2 30.Ra7 Bxf5 31.gxf5 Rxb3 32.Rxa5 Kg7 33.Kg2 Kf6 34.Ra6+ Kxf5 35.Rxh6 Kg5
36.Ra6 Rc3 37.Ra5+ Kg6 38.f3 Kf6 39.Ra4 Kf5 40.Kg3 Rc1 41.Ra5+ Kf6 42.h4 Kg6
43.Rg5+ Kf6 44.Rg4 Rc5 45.Rf4+ Kg6 46.Kg4 Rc1 47.h5+ Kh6 48.Rf6+ Kg7 49.Rg6+ Kh7
50.f4 Rg1+ 51.Kf5 Ra1 52.Kg5 Rg1+ 53.Kf6 Rh1 54.Rg5 Rf1 55.f5 Ra1 56.Rg6 Ra2
57.Kg5 Rg2+ 58.Kf4 Rf2+ 59.Ke5 Rh2 60.Rg5 Kh6 61.Rg1 Rxh5 62.Ke6 Kh7 63.Ra1 Rh2
64.f6  1-0

[Event "Vladivostok2 op"]
[Site "Vladivostok"]
[Date "1995.??.??"]
[Round "5"]
[White "Zhidkov, Valery S"]
[Black "Kaiumov, Dmitry D"]
[Result "0-1"]
[WhiteElo "2325"]
[BlackElo "2435"]

1.Nf3 Nf6 2.c4 e6 3.Nc3 c5 4.e3 Nc6 5.d4 d5 6.cxd5 exd5 7.Be2 a6 8.O-O Bd6
9.dxc5 Bxc5 10.b3 O-O 11.Bb2 Ba7 12.Rc1 Qd6 13.Na4 Rd8 14.Nd4 Ne4 15.Bg4 f6
16.Qe2 Nxd4 17.Bxd4 Bxd4 18.exd4 f5 19.Bf3 Bd7 20.Nc5 Bb5 21.Nd3 Qa3 22.Rfd1 Rac8
23.Qb2 Qxb2 24.Nxb2 Nc3 25.Re1 Nxa2 26.Bxd5+ Kf8 27.Rxc8 Rxc8 28.Bxb7 Rc1
29.Rd1 Nc3 30.Rxc1 Ne2+ 31.Kf1 Nxc1+ 32.Ke1 Nxb3 33.d5 Ke7 34.Kd1 Kd6 35.Kc2 Nc5
36.Ba8 a5 37.f3 a4 38.Nd1 a3 39.Nc3 Bd3+ 40.Kd2 Bc4 41.Kc2 Nd3 42.Kd2 Nb4  0-1

[Event "AUT-ch"]
[Site "Voitsberg"]
[Date "1995.??.??"]
[Round "8"]
[White "Loebler, Heimo"]
[Black "Lendwai, Reinhard"]
[Result "0-1"]
[WhiteElo "2250"]
[BlackElo "2385"]

1.Nf3 Nf6 2.c4 e6 3.Nc3 c5 4.g3 a6 5.Bg2 b5 6.cxb5 axb5 7.Nxb5 Qb6 8.Nc3 d5
9.O-O Nc6 10.b3 Bd7 11.e3 Be7 12.d4 cxd4 13.exd4 O-O 14.Bg5 h6 15.Be3 Qa5
16.Na4 Ne4 17.a3 Qb5 18.Ne5 Nxe5 19.dxe5 Bc6 20.Kh1 Rfb8 21.Qg4 Qxb3 22.Bxh6 Bf8
23.f3 Nxg3+ 24.Qxg3 Rxa4 25.h4 Qd3 26.Bh3 Rb3 27.Bg5 d4 28.Bg4 Raxa3 29.Rad1 Qe2
30.Rde1 Qc2 31.Rf2 Qg6 32.Rg1 d3 33.Bd2 Ra2 34.h5 Qh7 35.h6 Rxd2 36.Rxd2 Qxh6+
37.Rh2 Qg6 38.Qh4 f5 39.exf6 Kf7 40.Bxe6+ Kxe6 41.Rxg6 Bxf3+ 42.Kg1 Bc5+
43.Rf2 Rb1+ 44.Kh2 Bd6+ 45.Rg3 Rh1+  0-1